00406nam a2200121 a 450000500170000000800410001705000170005824500160007526000550009144000230014699900190016995200960018820140414131916.0101019s19uu xx 00 eng d aERbIl1 1992 aI love you. aNashville, Tennessee :bThe clever factory,c2002. aValues and lessons c111483d111483 001040aMUbMUcERd2010-10-19l0oER Il1 1992pM2221r2014-04-14 00:00:00w2014-04-14yBK